00682nam a22002177a 450000500170000001000130001702000220003003500130005203700160006504000120008108200170009310000140011024500920012426000490021627000470026530000200031250000510033265000210038365000450040470000150044920170124110203.0 aA-805972 c00.00a8185972958 aA-805972 bCen Lib/Ret aDPLbEN a027.009bALL aAllauddin aLibraries and librarinship during muslim rule in india /cby Allauddin [and] R.K. Rout  aNew Delhi bReliance Publishing House c1996 bNew Delhi a3026/7H, ranjit nagar e110008 a298p.c19cm(Hb) aIncludes bibliographical references and index  aLibrary science  aHistorical aspects xMuslim rulezIndia  aRout, R.K.